| 000 | 00779nam a2200253 a 4500 | ||
|---|---|---|---|
| 001 | 62708 | ||
| 003 | BD-RjUL | ||
| 005 | 20211209081120.0 | ||
| 008 | 780215s1978 maua b 001 0 eng d | ||
| 020 | _a0805772286 | ||
| 035 | _a(BD-RjUL)62835 | ||
| 040 |
_aDLC _cDLC _dBD-RjUL _beng |
||
| 041 | _aeng | ||
| 082 | 0 | 0 |
_a818.5209 _223 _bSAA 1978 |
| 100 | 1 |
_aSalzman, Jack. _9186391 |
|
| 245 | 0 | 0 |
_aAlbert Maltz / _cby Jack Salzman. |
| 260 |
_aBoston : _bTwayne Publishers, _cc1978. |
||
| 300 |
_a160 p. : _bill. ; _c21 cm. |
||
| 490 | 0 | _aTwayne's United States authors series ; TUSAS 311 | |
| 504 | _aIncludes Bibliography: (p. 153-157) and index. | ||
| 600 | 1 | 0 |
_aMaltz, Albert, _d1908-1985 _xCriticism and interpretation. _9186392 |
| 942 |
_2ddc _cBK |
||
| 999 |
_c62708 _d62708 |
||